000 00772nam a2200217 i 4500
001 21844
003 ES-MaACL
007 t|
008 021128s1965 mx ||||1| spa d
100 1 _aAlcock, Theodora.
_919569
245 1 3 _aLa prueba de Rorschach en la práctica /
_cTheodora Alcock ; [traducción de Matilde Rodríguez Cabo].
250 _a1ª ed.
260 _aMéxico [etc.] :
_bFondo de Cultura Económica,
_c1965.
300 _a294 p., [5] h. de lám. col. y n. ;
_c21 cm.
490 1 _aBiblioteca de psicología y psicoanálisis
504 _aBibliografía: p. 264-290.
700 1 _aRodríguez Cabo, Matilde.
_998392
830 0 _aBiblioteca de psicología y psicoanálisis
_9179941
852 _aES-MaACL
_jL-9860
_bR.111907
999 _c21844
_d21844